01135nam a2200229 a 450000100100000000500170001000800410002704000250006811102020009324500150029526000710031030000200038149000690040149000220047050000730049283000250056583000730059004900090066395201050067295201110077799900170088800003091520250924073803.0110606s1986 dr 000 0 spa d aDO-SdBNPbspacBNPHU1 aConferencia dictada por el Dr. Fenando Sánchez Martínez, rector de la Universidad Autónoma de Santo Domingo a oficiales de la la policia nacionald(1986:cSanto Domingon9 de octubre )95743210aDiscursos. aSanto Domingo :bUniversidad Autónoma de Santo Domingo,c[1986]. a17 p. ;c22 cm.1 aPublicaciones de la Universidad Autónoma de Santo Domingov5491 aDiscursosvno. 12 aIncluye referencias bibliográficas y notas al pie de las páginas 0aDiscursosn12957433 aPublicaciones de la Universidad Autónoma de Santo Domingov546952 aBNPD 0010718PDaPDbPDcCTd2011-06-06iLF1l0o p30915-10r2020-06-25w2020-06-25yLFPDZNo se presta 0010718PDaPDbPDcCTd2011-06-09iLF1l0o p30915-20r2020-06-25te. 2w2020-06-25yLFPDZNo se presta c30407d30407